| 000 | 00415nam a2200157 4500 | ||
|---|---|---|---|
| 001 | 136905 | ||
| 003 | ES-MaACL | ||
| 005 | 20230906195247.0 | ||
| 007 | t| | ||
| 008 | 070214s1912 fr r ||||1| fre d | ||
| 100 | 1 |
_aSaillard, G. _9101496 |
|
| 245 | 1 | 0 |
_aFlorian _b: sa vie, son oeuvre / _cG. Saillard. |
| 260 |
_aToulouse : _bEdouard Privat, _c1912. |
||
| 300 |
_a324 p. ; _c25 cm. |
||
| 852 |
_aES-MaACL _jF-1026 |
||
| 999 |
_c136905 _d136905 |
||